000 00728nam a22002417a 4500
999 _c359221
_d359221
001 72939
003 UA-OsUOA
005 20230504161314.0
007 ta
008 20110204b un ||||| |||| 00| 0 ukr d
020 _a9785819904176
040 _aUA-OsUOA
_brus
_cUA-OsUOA
_dUA-OsUOA
041 _arus
080 _a323(510)
090 _a323(510)
_bК45
245 _aКитайская Народная Республика: политика, экономика, культура
_bк 60-летию КНР
260 _aМ.
_bФОРУМ
_c2009
300 _a592 с.
650 7 _a32 Політика
_2UDC
942 _cBK
_2udc
955 _a2